Szegedi Felsőoktatási Szövetség. Két évre szól
Elmentve itt :
| Dokumentumtípus: | Cikk |
|---|---|
| Megjelent: |
1998-01-22
|
| Sorozat: | Délmagyarország
88 No. 18 |
| Kulcsszavak: | Szegedi Felsőoktatási Szövetség |
| Online Access: | http://dmarchiv.bibl.u-szeged.hu/79933 |
| LEADER | 00443nab a2200145 i 4500 | ||
|---|---|---|---|
| 001 | delm79933 | ||
| 005 | 20191025084050.0 | ||
| 008 | 191025s1998 hu o 0|| hun d | ||
| 040 | |a SZTE Délmagyarország Archívum |b hun | ||
| 041 | |a hun | ||
| 245 | 0 | 0 | |a Szegedi Felsőoktatási Szövetség. Két évre szól |h [elektronikus dokumentum] |
| 260 | |c 1998-01-22 | ||
| 300 | |a 7 | ||
| 490 | 0 | |a Délmagyarország |v 88 No. 18 | |
| 695 | |a Szegedi Felsőoktatási Szövetség | ||